| 000 | 00497nam a2200133Ia 4500 | ||
|---|---|---|---|
| 008 | 171212s9999 xx 000 0 und d | ||
| 020 | _a9780833032751 | ||
| 100 | _aLempert, Robert J. | ||
| 245 |
_cLempert, Robert J. _aShaping the Next One Hundred Years _bNew Methods for Quantitative, Long-Term Policy Analysis |
||
| 260 |
_bRAND Corporation _c2003 |
||
| 650 | _aSystem analysis; Decision making; Information technology | ||
| 650 | _aTechnology | ||
| 856 | _uwww.jstor.org/stable/10.7249/mr1626rpc | ||
| 999 |
_c352536 _d352536 |
||